000 00204 a2200097 4500
001 18879
100 _aFawdry RC
245 _aDynamics Part II
260 _a
_bG Bell & Sons
_c1934
090 _c13968
_d13968
942 _aNUST-CAE
_cM
_c4411
999 _c253952
_d253952